000 00449nam a2200181Ia 4500
001 10487
005 20260306161835.0
008 260306t1985||||xx |||||||||||||| ||spa||
041 _aESP
082 _a937.05
_bS17
100 _aSalustio Crispo, Cayo
_eAUT
245 0 _aLa guerra de Yugurta; La conjuración de Catilina
260 _c1985
300 _a214 pƔginas :
_c20 cm.
650 _aGEN
654 _aCHU
942 _cLIB
_dJUS
_fJUS
_2ddc
_n
999 _c10487
_d10487